00365nam a2200121Ia 4500008004100000041000800041082001200049100002700061245006300088260002900151300002000180520004300200240719s9999 xx 000 0 und d aeng a200 SUK aSukhabodhananda, Swami aShiva Sutras Divine Techniques For Enhancing Effectiveness aMumbaibJaico Bookc2014 a222.; P. 22 Cm. aGifted By : IMT Faculty Dr. Pawan Jain